big five personality traits - Statistics

General Stats
  • This quiz has been taken 12 times
  • The average score is 3 of 5
Answer Stats
% Correct
extroversion
83%
agreeableness
50%
conscientiousness
50%
neuroticism
50%
openness
33%
No matching quizzes found
Score Distribution
Percent of People with Each Score
Percentile by Number Answered
Your Score History
You have not taken this quiz